000 00939nam a2200229Ia 4500
999 _c40817
_d40817
001 7457
003 GE_BSU
005 20231214123456.0
008 181216s1992||||ge |||||||||||||| ||geo||
040 _cGE_BSU
041 _ageo
080 _a821.353.1-1 დ–72
100 _aდოლიძე, ქეთევან
_9333
245 _aმაინც გათენებას ველოდები :
_bლექსები /
_cქეთევან დოლიძე ; რედ. ზაურ მეძველია.
264 _aთბილისი :
_bუნ–ტის გამ–ბა,
_c1992.
300 _a62 გვ. :
_b1 ფ. პორტ. ;
_c15 სმ.
541 _h2 ლ.
653 _aლექსები.
653 _aმაინც გათენებას ველოდები
700 _aმეძველია, ზაურ
_eრედაქტორი
_920728
942 _cBK
_2udc